| 000 | nam a22 7a 4500 | ||
|---|---|---|---|
| 999 |
_c65057 _d65057 |
||
| 005 | 20230323095430.0 | ||
| 008 | 230202b xxu||||| |||| 00| 0 eng d | ||
| 020 | _a978-9978-92-806-6 | ||
| 040 | _aANE | ||
| 041 | _aEs | ||
| 082 | _a345 E77 | ||
| 100 | _aEspinosa Cueva, Carla | ||
| 245 | _aTeoría de la motivación de las resoluciones judiciales y jurisprudencia de casación y electoral | ||
| 260 |
_aQuito _c2010 |
||
| 300 | _a147 p. | ||
| 942 |
_2ddc _cBK _zNr. |
||